[Event "26th EUR-ch"]
[Site "Katowice POL"]
[Date "2026.04.15"]
[Round "8.175"]
[White "Przybylski, Bartosz"]
[Black "Korniichuk, Oleksandra"]
[Result "1/2-1/2"]
[WhiteElo "2249"]
[BlackElo "2055"]
[EventDate "2026.04.07"]
[PlyCount "66"]

1.e4 c5 2.Nc3 Nc6 3.Bb5 Nf6 4.Bxc6 dxc6 5.d3 e5 6.f4 exf4 7.Bxf4 Be6 8.Nf3
Be7 9.O-O h6 10.Qe1 Qd7 11.Kh1 O-O-O 12.a4 g5 13.Be3 Ng4 14.Bg1 Qc7 15.h3 
h5 16.e5 Nh6 17.Ne4 g4 18.Nfg5 gxh3 19.gxh3 Rdg8 20.Nxe6 fxe6 21.Bh2 Nf5 
22.Nd6+ Bxd6 23.exd6 Qd7 24.Qe5 h4 25.Rae1 Ng3+ 26.Bxg3 hxg3 27.Kg2 Rh6 
28.Re3 Rxh3 29.Ref3 Rh2+ 30.Kg1 Rh1+ 31.Kg2 Rh2+ 32.Kg1 Rh1+ 33.Kg2 Rh2+ 
1/2-1/2

[Event "26th EUR-ch"]
[Site "Katowice POL"]
[Date "2026.04.15"]
[Round "8.176"]
[White "Stan, Andrei-Mihaita"]
[Black "Brzezina, Pawel"]
[Result "0-1"]
[WhiteElo "2038"]
[BlackElo "2248"]
[EventDate "2026.04.07"]
[PlyCount "150"]

1.d4 d5 2.c4 e6 3.Nc3 c6 4.e3 Nf6 5.Nf3 a6 6.Qc2 c5 7.dxc5 Bxc5 8.a3 dxc4 
9.Bxc4 O-O 10.O-O Nbd7 11.b4 Be7 12.Bb2 b5 13.Be2 Bb7 14.Rfd1 Qb6 15.Rac1 
Rac8 16.Qb1 Rc7 17.Qa1 Rfc8 18.Na2 Bd5 19.Rxc7 Rxc7 20.Nc3 Bb7 21.h3 h6 
22.Rd2 Rc8 23.Qd1 Qc7 24.Rc2 Qb8 25.Nb1 Bd5 26.Rxc8+ Qxc8 27.Nbd2 Nb6 28.
Qc1 Qxc1+ 29.Bxc1 Ne8 30.e4 Bb7 31.Bd3 f6 32.Nd4 Kf7 33.N4b3 Bd6 34.Kf1 
Nc7 35.Bb2 e5 36.g3 g5 37.Be2 Bc8 38.Bg4 Be6 39.Bxe6+ Nxe6 40.Ke2 h5 41.
Kf3 Kg6 42.Na5 Na4 43.Ba1 Nd8 44.Nab3 Nc6 45.Ke2 h4 46.gxh4 gxh4 47.Kd3 
Nd8 48.Nc1 Ne6 49.Ne2 Ng5 50.Ng1 Ne6 51.Ne2 Bc7 52.Nf3 Kh5 53.Nh2 Ng5 54.
Ng1 Bb6 55.Ng4 Kg6 56.Ne3 Bxe3 57.Kxe3 Nb6 58.Bc3 Nc4+ 59.Kd3 Nxa3 60.Bd2 
Ne6 61.Ne2 Nc4 62.Bc1 f5 63.f4 Kf6 64.exf5 Kxf5 65.fxe5 Nxe5+ 66.Ke3 Ng5 
67.Nf4 Ng6 68.Nd5 Nxh3 69.Nc7 Nhf4 70.Ne8 h3 71.Nd6+ Kg4 72.Ne4 h2 73.Nf2+
Kg3 74.Bb2 Kg2 75.Ba3 Nh3 0-1

[Event "26th EUR-ch"]
[Site "Katowice POL"]
[Date "2026.04.15"]
[Round "8.177"]
[White "Maltezeanu, Stefan"]
[Black "Omarsson, Josef"]
[Result "1/2-1/2"]
[WhiteElo "2245"]
[BlackElo "2044"]
[EventDate "2026.04.07"]
[PlyCount "45"]

1.e4 c5 2.Nf3 Nc6 3.d4 cxd4 4.Nxd4 Nf6 5.Nc3 e5 6.Ndb5 d6 7.Bg5 a6 8.Na3 
b5 9.Bxf6 gxf6 10.Nd5 f5 11.Bxb5 axb5 12.Nxb5 Ra4 13.Nbc7+ Kd7 14.O-O Rxe4
15.Qh5 Qh4 16.Qxf7+ Be7 17.g3 Rg4 18.Qxf5+ Kd8 19.Qd3 Rhg8 20.Nxe7 Qxe7 
21.Nd5 Qf7 22.Qb5 Bb7 23.c3 1/2-1/2

[Event "26th EUR-ch"]
[Site "Katowice POL"]
[Date "2026.04.15"]
[Round "8.178"]
[White "Pozimski, Szymon"]
[Black "Brozyna, Mateusz"]
[Result "1/2-1/2"]
[WhiteElo "2025"]
[BlackElo "2242"]
[EventDate "2026.04.07"]
[PlyCount "181"]

1.c4 e5 2.d4 exd4 3.Qxd4 Nc6 4.Qd1 Nf6 5.Nc3 Bb4 6.Bd2 O-O 7.Nf3 Re8 8.e3 
Bf8 9.Be2 d6 10.O-O h6 11.Rc1 Bf5 12.Nd5 Ne4 13.Be1 a5 14.Nd4 Nxd4 15.exd4
c6 16.Ne3 Bh7 17.Bd3 Be7 18.Qc2 Bf6 19.Bc3 Kh8 20.Ng4 Bg5 21.Rce1 f5 22.
Bxe4 fxe4 23.Ne3 b5 24.cxb5 cxb5 25.d5 Rc8 26.Qd2 b4 27.Bd4 Qd7 28.b3 Qb5 
29.Qb2 Re7 30.Rd1 a4 31.Nc4 Rxc4 32.bxc4 Qxc4 33.Be3 Bf6 34.Bd4 a3 35.Qa1 
Be5 36.Bxe5 Rxe5 37.Rd4 Qe2 38.Re1 Qb2 39.Qxb2 axb2 40.Rxb4 Rxd5 41.Rb8+ 
Bg8 42.Rxb2 Rd4 43.f3 exf3 44.gxf3 Ra4 45.Re8 Kh7 46.Re7 Bd5 47.Rg2 Rxa2 
48.Rexg7+ Kh8 49.Rxa2 Kxg7 50.Rd2 Bxf3 51.Rxd6 Bh5 52.Kf2 Bg6 53.Kg3 Bh5 
54.Kf4 Bf7 55.Kf5 Be8 56.Rb6 Bd7+ 57.Ke5 Bc8 58.h4 Bg4 59.Rf6 Bd7 60.Rb6 
Bg4 61.Kf4 Be2 62.Ke5 Bd1 63.Rb1 Bc2 64.Rg1+ Kf7 65.h5 Bd3 66.Rg2 Bb1 67.
Rb2 Bd3 68.Rb7+ Kg8 69.Kf6 Kh8 70.Rg7 Be4 71.Rg3 Kh7 72.Rc3 Kh8 73.Ke5 Bh7
74.Kf4 Kg7 75.Rc1 Kh8 76.Ke3 Kg7 77.Rc6 Bf5 78.Kd4 Kh7 79.Ke3 Kg7 80.Kf3 
Bd3 81.Kf4 Bh7 82.Rc3 Kh8 83.Rg3 Bc2 84.Ke5 Bh7 85.Kf6 Be4 86.Kf7 Kh7 87.
Rg7+ Kh8 88.Rg6 Kh7 89.Rg7+ Kh8 90.Rg6 Kh7 91.Rg7+ 1/2-1/2

[Event "26th EUR-ch"]
[Site "Katowice POL"]
[Date "2026.04.15"]
[Round "8.179"]
[White "Mierins, Emils Janis"]
[Black "Nguyen, Khoi"]
[Result "1-0"]
[WhiteElo "2223"]
[BlackElo "2037"]
[EventDate "2026.04.07"]
[PlyCount "57"]

1.e4 e6 2.d4 d5 3.e5 c5 4.c3 Nc6 5.Nf3 Nge7 6.Bd3 cxd4 7.cxd4 Nf5 8.Bxf5 
exf5 9.Nc3 Be6 10.Ne2 Be7 11.h4 h6 12.Kf1 O-O 13.Nf4 Rc8 14.Kg1 Qb6 15.Rh3
Kh8 16.Rg3 Rfd8 17.a3 Bf8 18.Rb1 Na5 19.b4 Nc4 20.a4 a5 21.b5 Qc7 22.Nh5 
Qe7 23.Rb3 Qc7 24.Ne1 Nb6 25.Bd2 Nxa4 26.Nxg7 Bxg7 27.Qh5 f4 28.Bxf4 f5 
29.Bxh6 1-0

[Event "26th EUR-ch"]
[Site "Katowice POL"]
[Date "2026.04.15"]
[Round "8.180"]
[White "Gov, Guy"]
[Black "Lasok, Marek"]
[Result "1-0"]
[WhiteElo "2221"]
[BlackElo "2009"]
[EventDate "2026.04.07"]
[PlyCount "107"]

1.d4 Nf6 2.Nc3 d5 3.Bf4 c5 4.e3 cxd4 5.exd4 Bg4 6.Nge2 Nc6 7.f3 Bd7 8.Qd2 
a6 9.g4 e6 10.h4 Rc8 11.a3 Na5 12.b3 b5 13.Nd1 Qb6 14.Ne3 Nb7 15.Kf2 Nd6 
16.Ng3 h6 17.Bh3 Ng8 18.g5 h5 19.g6 f5 20.Rae1 Be7 21.Bxf5 Nxf5 22.Ngxf5 
exf5 23.Nxd5 Qc6 24.Nxe7 Nxe7 25.Bg5 O-O 26.Rxe7 f4 27.Rhe1 Qxg6 28.c3 Qf5
29.Rg1 Rf7 30.Rxf7 Qxf7 31.d5 Bh3 32.Qxf4 Qxd5 33.Bf6 Bg4 34.fxg4 Rf8 35.
g5 Qc5+ 36.Kg2 gxf6 37.gxf6 Kh7 38.Kh2 Rf7 39.Rg5 Qc7 40.Qxc7 Rxc7 41.Rg7+
Rxg7 42.fxg7 Kxg7 43.Kg3 Kf6 44.Kf4 a5 45.a4 bxa4 46.bxa4 Ke6 47.Kg5 Kd5 
48.Kxh5 Kc4 49.Kg4 Kxc3 50.h5 Kb3 51.h6 Kxa4 52.h7 Kb3 53.h8=Q a4 54.Qa1 
1-0

[Event "26th EUR-ch"]
[Site "Katowice POL"]
[Date "2026.04.15"]
[Round "8.181"]
[White "Golsta, Madara"]
[Black "Ringuet, Noe"]
[Result "0-1"]
[WhiteElo "2008"]
[BlackElo "2220"]
[EventDate "2026.04.07"]
[PlyCount "70"]

1.e4 Nf6 2.e5 Nd5 3.d4 d6 4.c4 Nb6 5.exd6 cxd6 6.Nc3 g6 7.Be3 Bg7 8.Rc1 
O-O 9.b3 Bf5 10.Be2 d5 11.c5 Nc8 12.Bf3 e5 13.Bxd5 exd4 14.Bxd4 Bxd4 15.
Qxd4 Nc6 16.Qf4 Ne5 17.Rd1 Nd3+ 18.Rxd3 Bxd3 19.Qf3 Ba6 20.Nge2 Rb8 21.O-O
Ne7 22.Be4 Qa5 23.Qe3 Rfe8 24.Rc1 Bxe2 25.Nxe2 Qxa2 26.Qf3 Nc6 27.Nc3 Qb2 
28.Qf4 Rbd8 29.h4 Rd2 30.Bd5 Qxc1+ 31.Kh2 Re7 32.Ne4 Rd1 33.Nf6+ Kg7 34.
Ne8+ Kf8 35.Qf6 Kxe8 0-1

[Event "26th EUR-ch"]
[Site "Katowice POL"]
[Date "2026.04.15"]
[Round "8.182"]
[White "Korszanski, Stanislaw"]
[Black "Spyra, Piotr"]
[Result "1-0"]
[WhiteElo "2215"]
[BlackElo "1974"]
[EventDate "2026.04.07"]
[PlyCount "71"]

1.e4 c5 2.Nf3 Nc6 3.d4 cxd4 4.Nxd4 g6 5.c4 Nf6 6.Nc3 d6 7.f3 Nxd4 8.Qxd4 
Bg7 9.Be3 O-O 10.Qd2 Qa5 11.Bd3 Bd7 12.a3 Rfc8 13.b4 Qc7 14.O-O a5 15.Qf2 
axb4 16.Bb6 Qc6 17.axb4 Rxa1 18.Rxa1 Be6 19.Nd5 Qd7 20.Ra7 h5 21.Qe2 Rc6 
22.Ra8+ Kh7 23.Rd8 Bxd5 24.Rxd7 Nxd7 25.exd5 Rxb6 26.b5 Bf6 27.f4 Kg7 28.
f5 Bd4+ 29.Kf1 Ne5 30.Qe4 Bc5 31.fxg6 fxg6 32.Be2 Kf7 33.g4 hxg4 34.Bxg4 
Kf6 35.Qf4+ Kg7 36.Be6 1-0

[Event "26th EUR-ch"]
[Site "Katowice POL"]
[Date "2026.04.15"]
[Round "8.183"]
[White "Rudzinska, Michalina"]
[Black "Namyslak, Piotr"]
[Result "0-1"]
[WhiteElo "2203"]
[BlackElo "1953"]
[EventDate "2026.04.07"]
[PlyCount "70"]

1.e4 e6 2.d4 d5 3.Nd2 dxe4 4.Nxe4 Bd7 5.Nf3 Bc6 6.Bd3 Nd7 7.O-O Ngf6 8.Nc3
Be7 9.Re1 O-O 10.Ne5 Re8 11.Re3 Nf8 12.Rh3 g6 13.Nxc6 bxc6 14.Ne2 Rb8 15.
b3 N6d7 16.Bb2 Bf6 17.Qd2 c5 18.Qa5 cxd4 19.Bxd4 Bxd4 20.Nxd4 Qf6 21.c3 e5
22.Nb5 e4 23.Bc4 Re5 24.Qxc7 Rbxb5 25.Bxb5 Rxb5 26.Rd1 Rf5 27.Qxa7 Ne5 28.
Qd4 Ne6 29.Qxe4 Ng5 30.Qa8+ Kg7 31.Rg3 Rxf2 32.a4 Re2 33.Qa7 Ngf3+ 34.Kf1 
Nd4+ 35.Rf3 Nexf3 0-1

[Event "26th EUR-ch"]
[Site "Katowice POL"]
[Date "2026.04.15"]
[Round "8.184"]
[White "Starosta, Martyna"]
[Black "Ciborowski, Konrad jr"]
[Result "0-1"]
[WhiteElo "2199"]
[BlackElo "1948"]
[EventDate "2026.04.07"]
[PlyCount "96"]

1.e4 c5 2.Nf3 d6 3.d4 cxd4 4.Nxd4 Nf6 5.Nc3 a6 6.Bg5 e6 7.Qf3 Be7 8.O-O-O 
Qa5 9.h4 Bd7 10.Bd3 Nc6 11.Nb3 Qc7 12.Qg3 O-O-O 13.Rhe1 Ne5 14.Kb1 h6 15.
Be3 g5 16.f3 Rdg8 17.Qf2 Kb8 18.Ba7+ Ka8 19.Bb6 Qc8 20.hxg5 hxg5 21.Qd2 
Bc6 22.Bg1 Nfd7 23.Bf1 Nc5 24.Qd4 Qb8 25.Na5 Rc8 26.Ka1 Rh6 27.Nxc6 Nxc6 
28.Qd2 Qc7 29.Be3 Qa5 30.f4 Na4 31.Nxa4 Qxa4 32.c3 Na5 33.Qf2 gxf4 34.Bxf4
Rf6 35.Qe3 Rg6 36.Kb1 Nc4 37.Bxc4 Qxc4 38.Bh2 Rxg2 39.Bg1 Qc5 40.Qf3 Qg5 
41.Qxf7 Qb5 42.Bf2 Rf8 43.Qxf8+ Bxf8 44.Rd2 Bh6 45.Rh1 Qe5 46.Rxh6 Qxe4+ 
47.Kc1 Rxf2 48.Rh8+ Ka7 0-1

[Event "26th EUR-ch"]
[Site "Katowice POL"]
[Date "2026.04.15"]
[Round "8.185"]
[White "Kosmas-Lekkas, Dimitrios"]
[Black "Konopka, Jeremie"]
[Result "1-0"]
[WhiteElo "2195"]
[BlackElo "1930"]
[EventDate "2026.04.07"]
[PlyCount "25"]

1.c4 g6 2.g3 Bg7 3.Bg2 c5 4.Nc3 Nc6 5.d3 Nf6 6.a3 O-O 7.Rb1 e6 8.Nf3 d5 9.
O-O d4 10.Na4 Qd6 11.b4 Nd7 12.Ng5 f5 13.Nxe6 1-0

[Event "26th EUR-ch"]
[Site "Katowice POL"]
[Date "2026.04.15"]
[Round "8.186"]
[White "Majcher, Igor"]
[Black "Frankiv, Oleksandr"]
[Result "0-1"]
[WhiteElo "2184"]
[BlackElo "1893"]
[EventDate "2026.04.07"]
[PlyCount "92"]

1.Nf3 f5 2.d3 Nf6 3.e4 fxe4 4.dxe4 Nxe4 5.Bd3 d5 6.Bxe4 dxe4 7.Qxd8+ Kxd8 
8.Ng5 Ke8 9.Nc3 Bf5 10.Be3 Nc6 11.Ngxe4 Nb4 12.Kd1 g6 13.a3 Nc6 14.Ke2 Bg7
15.f3 Rd8 16.Rhd1 Rxd1 17.Nxd1 Bxe4 18.fxe4 Kd7 19.c3 Na5 20.Nf2 Nc4 21.
Rd1+ Kc8 22.Bc1 b5 23.Nd3 Rd8 24.Rf1 Rf8 25.Rxf8+ Bxf8 26.Nc5 e5 27.Nd3 
Bd6 28.Nf2 Kd7 29.Nd3 Ke6 30.Bg5 a5 31.h3 a4 32.Kf3 c5 33.Ke2 b4 34.Bc1 b3
35.Nf2 Na5 36.Ng4 c4 37.Ne3 Kd7 38.Nd5 Kc6 39.g4 Nb7 40.g5 Nc5 41.Nf6 Nd3 
42.Kd2 Be7 43.Nxh7 Kd6 44.h4 Ke6 45.h5 gxh5 46.g6 h4 0-1

[Event "26th EUR-ch"]
[Site "Katowice POL"]
[Date "2026.04.15"]
[Round "8.187"]
[White "Ivanauskas, Deividas"]
[Black "Ugorek, Kacper"]
[Result "0-1"]
[WhiteElo "1883"]
[BlackElo "2181"]
[EventDate "2026.04.07"]
[PlyCount "72"]

1.d4 c5 2.d5 g6 3.c4 Bg7 4.Nc3 d6 5.e4 Bxc3+ 6.bxc3 e5 7.Bd3 Nd7 8.Qf3 Qe7
9.Ne2 Kd8 10.Qg3 Kc7 11.O-O Ngf6 12.Qh4 Nxd5 13.Bg5 f6 14.cxd5 fxg5 15.Qg3
h6 16.Qe3 Nf6 17.a4 Nh5 18.Rfb1 Nf4 19.Nc1 Rf8 20.Rb2 h5 21.Rab1 h4 22.a5 
Rb8 23.Bb5 g4 24.c4 Qg5 25.Qa3 Nh3+ 26.gxh3 gxh3+ 27.Kf1 Qg2+ 28.Ke1 Bg4 
29.Nd3 Qxe4+ 30.Kd2 Qe2+ 31.Kc3 Qxd3+ 32.Kxd3 Rf3+ 33.Kd2 Rxa3 34.Bc6 Bc8 
35.Bb5 Rxa5 36.Rg1 Bf5 0-1

[Event "26th EUR-ch"]
[Site "Katowice POL"]
[Date "2026.04.15"]
[Round "8.188"]
[White "Pasti, Zsombor"]
[Black "Panasiuk, Piotr"]
[Result "0-1"]
[WhiteElo "2179"]
[BlackElo "1786"]
[EventDate "2026.04.07"]
[PlyCount "65"]

1.e4 c5 2.Nf3 d6 3.d4 cxd4 4.Nxd4 Nf6 5.Nc3 a6 6.f3 e5 7.Nb3 Be6 8.Be3 
Nbd7 9.Qd2 Rc8 10.g4 b5 11.g5 Nh5 12.Nd5 Bxd5 13.exd5 Qc7 14.Bh3 Qxc2 15.
Rc1 Qxd2+ 16.Kxd2 Rxc1 17.Rxc1 Nc5 18.Na5 b4 19.a3 b3 20.Nb7 Nxb7 21.Rc7 
Nc5 22.Bxc5 Nf4 23.Bg4 dxc5 24.d6 Ne6 25.Ra7 g6 26.Kc3 h6 27.h4 hxg5 28.
hxg5 e4 29.Kc4 exf3 30.Kd5 Bxd6 31.Kxd6 f2 32.Bxe6 fxe6 33.Kxe6 0-1

[Event "26th EUR-ch"]
[Site "Katowice POL"]
[Date "2026.04.15"]
[Round "8.189"]
[White "Kuegel, Tobias"]
[Black "Zieba, Franciszek"]
[Result "1/2-1/2"]
[WhiteElo "2398"]
[BlackElo "1847"]
[EventDate "2026.04.07"]
[PlyCount "138"]

1.d4 Nf6 2.c4 e6 3.Nc3 Bb4 4.e3 O-O 5.a3 Bxc3+ 6.bxc3 Re8 7.Nf3 d6 8.Be2 
Nbd7 9.O-O b6 10.a4 a5 11.Ba3 Ba6 12.Nd2 Bb7 13.Rb1 Ne4 14.Nxe4 Bxe4 15.
Rb5 e5 16.Bf3 Bxf3 17.Qxf3 e4 18.Qg3 h6 19.Rd1 Nf8 20.Qg4 Qe7 21.Re5 Qd7 
22.Qxd7 Nxd7 23.Rxe8+ Rxe8 24.c5 dxc5 25.dxc5 Nxc5 26.Bxc5 bxc5 27.Rd5 Rb8
28.g4 Rb1+ 29.Kg2 Ra1 30.Rxc5 Rxa4 31.Rxc7 g6 32.h4 Kg7 33.Kg3 g5 34.Rc6 
Ra2 35.hxg5 hxg5 36.Rc4 Ra3 37.Rxe4 Rxc3 38.Re5 Kg6 39.Rxa5 Rc1 40.Ra6+ 
Kg7 41.Kf3 Rc4 42.Rd6 f6 43.Kg3 Rc3 44.Rd5 Kg6 45.Kf3 Rc4 46.Rd3 Kf7 47.
Kg3 Rc1 48.f4 gxf4+ 49.exf4 Rc7 50.Ra3 Kg7 51.Rb3 Ra7 52.Rc3 Rd7 53.Kf3 
Re7 54.Rc6 Kf7 55.f5 Ra7 56.Ke4 Rd7 57.Kf4 Ra7 58.Kg3 Kg7 59.Kh4 Ra1 60.
Rc7+ Kh6 61.Rf7 Ra6 62.Kg3 Ra3+ 63.Kf2 Kg5 64.Rg7+ Kf4 65.Rg6 Rg3 66.Rxf6 
Rf3+ 67.Ke2 Kxg4 68.Rg6+ Kxf5 69.Kxf3 Kxg6 1/2-1/2

[Event "26th EUR-ch"]
[Site "Katowice POL"]
[Date "2026.04.15"]
[Round "8.190"]
[White "Zhuk, Ivan"]
[Black "Krasteva, Beloslava"]
[Result "1-0"]
[WhiteElo "2068"]
[BlackElo "2333"]
[EventDate "2026.04.07"]
[PlyCount "85"]

1.e4 d6 2.d4 Nf6 3.Nc3 e5 4.Nf3 Nbd7 5.a4 Be7 6.a5 c6 7.Be2 O-O 8.h3 Re8 
9.O-O exd4 10.Nxd4 Bf8 11.Bg5 h6 12.Bh4 Ne5 13.Bg3 Ng6 14.a6 Qb6 15.Na4 
Qc7 16.axb7 Qxb7 17.Nc3 Qxb2 18.Qd3 Qb7 19.Rfb1 Qc7 20.Qc4 c5 21.Ndb5 Qd7 
22.Rd1 Re6 23.f4 Qd8 24.e5 Nd7 25.Qe4 Rb8 26.Bc4 Bb7 27.Qd3 d5 28.Bxd5 Re7
29.Bc4 Nh8 30.Bh4 g5 31.fxg5 Qb6 32.Qg3 Nxe5 33.Rd6 Bc6 34.gxh6+ Kh7 35.
Bxe7 Nxc4 36.Qd3+ Ng6 37.Rxg6 fxg6 38.Qxc4 Bxe7 39.Qf7+ Kxh6 40.Qxe7 Bxb5 
41.Rxa7 c4+ 42.Kh2 Qd4 43.Ne4 1-0

[Event "26th EUR-ch"]
[Site "Katowice POL"]
[Date "2026.04.15"]
[Round "8.191"]
[White "Kulich, Daniel"]
[Black "Martirosyan, David"]
[Result "1/2-1/2"]
[WhiteElo "2045"]
[BlackElo "2281"]
[EventDate "2026.04.07"]
[PlyCount "39"]

1.Nf3 Nf6 2.e3 c5 3.b3 Nc6 4.Bb2 g6 5.c4 Bg7 6.Be2 O-O 7.O-O b6 8.d4 cxd4 
9.Nxd4 Nxd4 10.Bxd4 Bb7 11.Bf3 Bxf3 12.Qxf3 Qc7 13.Rd1 h5 14.h3 a6 15.a4 
Rab8 16.e4 Ne8 17.Bxg7 Kxg7 18.Nc3 e6 19.Qd3 d6 20.Qd4+ 1/2-1/2

[Event "26th EUR-ch"]
[Site "Katowice POL"]
[Date "2026.04.15"]
[Round "8.192"]
[White "Krasniewski, Maciej"]
[Black "Sprzeczka, Emilia"]
[Result "1-0"]
[WhiteElo "2228"]
[BlackElo "2066"]
[EventDate "2026.04.07"]
[PlyCount "79"]

1.d4 Nf6 2.c4 g6 3.Nc3 d5 4.Qb3 dxc4 5.Qxc4 Be6 6.Qb5+ Bd7 7.Qb3 c5 8.d5 
b5 9.Nxb5 Na6 10.e4 Bg7 11.Nc3 Rb8 12.Qc2 Nb4 13.Qb1 Qc8 14.a3 Na6 15.Qd3 
Rb6 16.Nf3 O-O 17.Be2 e6 18.O-O exd5 19.exd5 Bf5 20.Qc4 Bc2 21.Bd1 Qf5 22.
Bxc2 Qxc2 23.Qh4 Nc7 24.Be3 Rxb2 25.Rac1 Qf5 26.Bxc5 Re8 27.Bd4 Rb3 28.d6 
Ne6 29.Bxf6 Bxf6 30.Qa4 Rbb8 31.Ne4 Bb2 32.Rc7 Nd4 33.Nxd4 Qxe4 34.Qd7 Qf4
35.Nc6 Ra8 36.Rxa7 Kg7 37.Rxa8 Rxa8 38.Qb7 Bxa3 39.Qxa8 Bxd6 40.g3 1-0

[Event "26th EUR-ch"]
[Site "Katowice POL"]
[Date "2026.04.15"]
[Round "8.193"]
[White "Margaritis, Ioannis M."]
[Black "Tymrakiewicz, Rafal"]
[Result "0-1"]
[WhiteElo "2012"]
[BlackElo "2216"]
[EventDate "2026.04.07"]
[PlyCount "100"]

1.d4 d5 2.c4 c6 3.cxd5 cxd5 4.Nf3 Nc6 5.Nc3 Nf6 6.Bf4 Nh5 7.Be5 f6 8.Bg3 
e6 9.e3 Bd7 10.Nd2 g6 11.Bh4 Be7 12.g4 Ng7 13.Bd3 O-O 14.h3 Rc8 15.a3 Be8 
16.Nf3 a6 17.Bg3 Na5 18.O-O Nc4 19.Bxc4 Rxc4 20.Nd2 Rc8 21.Qb3 Bc6 22.Na4 
Qa5 23.Nc3 Rfd8 24.Rfc1 Kf7 25.Rab1 h5 26.Qd1 hxg4 27.hxg4 Rh8 28.b4 Qd8 
29.Nb3 Bd6 30.Qf3 f5 31.Na5 Bxg3 32.fxg3 Qg5 33.Nxc6 bxc6 34.Nd1 Ne8 35.
Nf2 Nf6 36.gxf5 gxf5 37.Kg2 Rh7 38.Rh1 Rg7 39.Rh3 Ke7 40.Rc1 Ng4 41.Rc3 
Kd6 42.Qe2 Ra8 43.Nxg4 fxg4 44.Rh4 Qf5 45.Rc1 Qe4+ 46.Kg1 Rf8 47.Rc3 Rgf7 
48.Qe1 Rf1+ 49.Qxf1 Rxf1+ 50.Kxf1 Qf3+ 0-1

[Event "26th EUR-ch"]
[Site "Katowice POL"]
[Date "2026.04.15"]
[Round "8.194"]
[White "Zawisza, Alan"]
[Black "Portelli, Matthew"]
[Result "0-1"]
[WhiteElo "2007"]
[BlackElo "2213"]
[EventDate "2026.04.07"]
[PlyCount "50"]

1.e4 e6 2.d4 d5 3.Nc3 Nf6 4.e5 Nfd7 5.Nce2 c5 6.c3 Nc6 7.Nf3 Qb6 8.h4 cxd4
9.cxd4 Bb4+ 10.Nc3 f6 11.exf6 Nxf6 12.Bd3 O-O 13.O-O Bd7 14.Bc2 Bd6 15.a3 
Be8 16.Qe2 Kh8 17.Bg5 Bh5 18.Na4 Qc7 19.Bxf6 Rxf6 20.Qd3 Rh6 21.Rfe1 Bxf3 
22.gxf3 Rxh4 23.f4 Bxf4 24.Nc5 Nxd4 25.b4 Bd2 0-1

[Event "26th EUR-ch"]
[Site "Katowice POL"]
[Date "2026.04.15"]
[Round "8.195"]
[White "Ilgililer, Bertug"]
[Black "Iordache, Alexia-Andreea"]
[Result "0-1"]
[WhiteElo "1996"]
[BlackElo "2181"]
[EventDate "2026.04.07"]
[PlyCount "126"]

1.e4 c5 2.Nf3 d6 3.d4 cxd4 4.Nxd4 Nf6 5.Nc3 a6 6.Be3 e5 7.Nb3 Be6 8.h3 Be7
9.Qf3 b5 10.a4 b4 11.Nd5 Nxd5 12.exd5 Bc8 13.a5 Bg5 14.Bd3 Bxe3 15.fxe3 
O-O 16.g4 Qh4+ 17.Kd2 Ra7 18.Raf1 Re7 19.Kc1 Nd7 20.Nd2 Nc5 21.Ne4 Rc7 22.
Kb1 Nxe4 23.Qxe4 Rc5 24.Qxb4 Rxd5 25.Bc4 Rc5 26.Qb3 Qe7 27.Rh2 Bb7 28.Rd2 
Qc7 29.Bd5 Rb5 30.Qc4 Rc5 31.Qb3 Bxd5 32.Rxd5 Rxa5 33.Rfd1 Rxd5 34.Qxd5 
Rc8 35.c3 Rd8 36.c4 g6 37.c5 Rc8 38.Qxd6 Qxc5 39.Qxc5 Rxc5 40.Ka2 Kg7 41.
Rd6 a5 42.Kb3 f5 43.g5 f4 44.Rf6 fxe3 45.Rf3 e4 46.Rxe3 Rxg5 47.Rxe4 Rg3+ 
48.Ka4 Rxh3 49.Kxa5 Rb3 50.Re2 h5 51.Ka4 Rb8 52.b4 h4 53.b5 Kf6 54.Kb4 Kf5
55.Rf2+ Kg4 56.Rg2+ Kh5 57.Kc5 g5 58.b6 g4 59.Kc6 g3 60.Kc7 Rxb6 61.Kxb6 
Kg4 62.Kc5 h3 63.Rb2 h2 0-1

[Event "26th EUR-ch"]
[Site "Katowice POL"]
[Date "2026.04.15"]
[Round "8.196"]
[White "Latzke, Boris"]
[Black "Bognar, Csaba"]
[Result "1-0"]
[WhiteElo "2173"]
[BlackElo "2057"]
[EventDate "2026.04.07"]
[PlyCount "97"]

1.d4 Nf6 2.c4 g6 3.Nc3 Bg7 4.e4 d6 5.f3 c6 6.Be3 a6 7.c5 dxc5 8.dxc5 Qxd1+
9.Rxd1 e5 10.Na4 Be6 11.Nb6 Ra7 12.Bc4 Ke7 13.Ne2 Nbd7 14.Bxe6 Kxe6 15.Nc4
Bf8 16.Nd6 Ra8 17.f4 Bxd6 18.f5+ gxf5 19.exf5+ Kxf5 20.O-O+ Kg6 21.Rxd6 
Rhe8 22.Rf3 h5 23.Ng3 Re6 24.Nf5 Rxd6 25.Nxd6 Ng4 26.Bf2 Nxf2 27.Kxf2 Nxc5
28.b4 Na4 29.Nxf7 Re8 30.Nd6 Re7 31.Ne4 Rc7 32.Rf6+ Kg7 33.Rd6 c5 34.Ng5 
Rc6 35.Ne6+ Kf6 36.Rxc6 bxc6 37.Nxc5 Nxc5 38.bxc5 Ke6 39.Ke3 Kd5 40.h4 
Kxc5 41.g4 Kd5 42.gxh5 Ke6 43.h6 Kf6 44.h7 Kg7 45.Ke4 Kxh7 46.Kxe5 Kg6 47.
Kd6 Kh5 48.Kxc6 a5 49.a4 1-0

[Event "26th EUR-ch"]
[Site "Katowice POL"]
[Date "2026.04.15"]
[Round "8.197"]
[White "Kulich, Filip"]
[Black "Pasa, Ahmet"]
[Result "1/2-1/2"]
[WhiteElo "2171"]
[BlackElo "2004"]
[EventDate "2026.04.07"]
[PlyCount "114"]

1.e4 e5 2.Nf3 Nc6 3.Bc4 Bc5 4.b4 Bxb4 5.c3 Ba5 6.d4 d6 7.O-O Qd7 8.Ba3 Nh6
9.dxe5 O-O 10.exd6 Re8 11.Qd5 cxd6 12.Bxd6 Qe6 13.Ng5 Qg6 14.Bf4 Qf6 15.
Qd6 Qxd6 16.Bxd6 Bd8 17.f4 Bxg5 18.fxg5 Be6 19.Bb5 Ng4 20.Bf4 Bd7 21.Nd2 
Nge5 22.Rad1 a6 23.Bc4 Bg4 24.Rde1 Rad8 25.Bd5 Be6 26.c4 b5 27.cxb5 axb5 
28.Bxe6 Rxe6 29.Nb3 Nd3 30.Re3 Nxf4 31.Rxf4 Ne5 32.h3 Rde8 33.Nd4 Ra6 34.
Re2 b4 35.Rf1 Rea8 36.Rc1 g6 37.Rcc2 Rd8 38.Nb5 Ra5 39.Nc7 Rc8 40.Nd5 Rxc2
41.Rxc2 Kg7 42.Kf2 h6 43.h4 hxg5 44.hxg5 Nd7 45.Ke3 Ra3+ 46.Kf4 b3 47.axb3
Rxb3 48.Nc7 Rb1 49.Ke3 Rb8 50.Kd4 Nf8 51.Ke5 Nh7 52.Kf4 Nf8 53.Rc6 Rc8 54.
Ke5 Kg8 55.Nd5 Rxc6 56.Ne7+ Kg7 57.Nxc6 Ne6 1/2-1/2

[Event "26th EUR-ch"]
[Site "Katowice POL"]
[Date "2026.04.15"]
[Round "8.198"]
[White "Smolinski, Wojciech"]
[Black "Chojnacki, Slawomir"]
[Result "1/2-1/2"]
[WhiteElo "1989"]
[BlackElo "2166"]
[EventDate "2026.04.07"]
[PlyCount "72"]

1.e4 c6 2.d4 d5 3.Nc3 dxe4 4.Nxe4 Nf6 5.Nxf6+ exf6 6.c3 Bd6 7.Bd3 O-O 8.
Qc2 h5 9.Ne2 Qc7 10.Bd2 Be6 11.O-O-O b5 12.Kb1 a5 13.h3 Na6 14.g4 h4 15.g5
fxg5 16.Bxg5 f5 17.Rhg1 Kh8 18.Qd2 Qf7 19.Nc1 b4 20.c4 Rfb8 21.Bf4 Rd8 22.
Bxd6 Rxd6 23.Qf4 Rad8 24.Qxh4+ Kg8 25.Bc2 Bxc4 26.Rg5 Bxa2+ 27.Nxa2 b3 28.
Bxb3 Qxb3 29.Rdg1 Qd3+ 30.Ka1 R8d7 31.Rxg7+ Rxg7 32.Rxg7+ Kxg7 33.Qe7+ Kg8
34.Qe8+ Kg7 35.Qe7+ Kg8 36.Qe8+ Kg7 1/2-1/2

[Event "26th EUR-ch"]
[Site "Katowice POL"]
[Date "2026.04.15"]
[Round "8.199"]
[White "Wacior, Maciej"]
[Black "Zakin, Lior"]
[Result "1/2-1/2"]
[WhiteElo "2160"]
[BlackElo "1985"]
[EventDate "2026.04.07"]
[PlyCount "62"]

1.d4 Nf6 2.Nf3 g6 3.Bf4 Bg7 4.Nc3 d5 5.e3 c6 6.h3 O-O 7.Be2 Bf5 8.g4 Bc8 
9.g5 Ne8 10.h4 Bf5 11.h5 Nd7 12.Nh4 Be6 13.Bd3 Qb6 14.hxg6 fxg6 15.Bxg6 
hxg6 16.Nxg6 Rf7 17.Qh5 Nef6 18.gxf6 Nxf6 19.Qe5 Qxb2 20.Nd1 Qxc2 21.Rg1 
Bg4 22.Rxg4 Nxg4 23.Qe6 Nxf2 24.Nxf2 Qc3+ 25.Ke2 Qb2+ 26.Kf3 Qxa1 27.Nxe7+
Kf8 28.Ng6+ Kg8 29.Ne7+ Kf8 30.Ng6+ Kg8 31.Ne7+ Kf8 1/2-1/2

[Event "26th EUR-ch"]
[Site "Katowice POL"]
[Date "2026.04.15"]
[Round "8.200"]
[White "Elci, Eren"]
[Black "Dovbysh, Timur"]
[Result "1-0"]
[WhiteElo "2158"]
[BlackElo "1984"]
[EventDate "2026.04.07"]
[PlyCount "61"]

1.d4 d5 2.c4 e6 3.Nc3 c5 4.cxd5 cxd4 5.Qa4+ Bd7 6.Qxd4 exd5 7.Qxd5 Nf6 8.
Qd1 Bc5 9.Nf3 O-O 10.e3 Qe7 11.Be2 Nc6 12.O-O Rfd8 13.a3 Ne5 14.Nd4 h5 15.
h3 g6 16.b4 Bd6 17.Bb2 a5 18.b5 Rac8 19.Qb3 a4 20.Qxa4 Bxh3 21.gxh3 Rxc3 
22.Bxc3 Ne4 23.f4 Qh4 24.Be1 Qxh3 25.Nf3 Ng3 26.fxe5 Bxe5 27.Ra2 Bd4 28.
exd4 Qh1+ 29.Kf2 Nxf1 30.Bxf1 Re8 31.Bg2 1-0

[Event "26th EUR-ch"]
[Site "Katowice POL"]
[Date "2026.04.15"]
[Round "8.201"]
[White "Pousada Garcia, Victor Daniel"]
[Black "Balinski, Damian"]
[Result "0-1"]
[WhiteElo "1984"]
[BlackElo "2154"]
[EventDate "2026.04.07"]
[PlyCount "52"]

1.e4 e5 2.Nf3 Nc6 3.Nc3 Nf6 4.d4 exd4 5.Nxd4 Bb4 6.Nxc6 bxc6 7.Bd3 O-O 8.
O-O d5 9.exd5 cxd5 10.Bg5 c6 11.Qf3 Be7 12.Na4 h6 13.Bd2 Be6 14.b4 Bd6 15.
h3 Nd7 16.c3 Qh4 17.Qe3 Rae8 18.Rae1 g5 19.f4 Bxf4 20.Rxf4 gxf4 21.Qd4 
Bxh3 22.Rxe8 Rxe8 23.gxh3 Qg3+ 24.Kh1 Qxh3+ 25.Kg1 Qg3+ 26.Kh1 Re5 0-1

[Event "26th EUR-ch"]
[Site "Katowice POL"]
[Date "2026.04.15"]
[Round "8.202"]
[White "Luba, Lukasz"]
[Black "Kulpa, Zuzanna"]
[Result "1/2-1/2"]
[WhiteElo "2138"]
[BlackElo "1979"]
[EventDate "2026.04.07"]
[PlyCount "83"]

1.d4 Nf6 2.c3 d5 3.Nd2 e6 4.e3 c5 5.Bd3 Nbd7 6.f4 Qc7 7.Ngf3 cxd4 8.exd4 
Qxf4 9.Ne4 Qc7 10.Neg5 h6 11.Nh3 Bd6 12.Qe2 O-O 13.O-O e5 14.Bf5 e4 15.Nh4
Bxh2+ 16.Kh1 Bg3 17.Bxd7 Bxh4 18.Bxc8 Qxc8 19.Bxh6 Qg4 20.Qe3 Nh5 21.Bf4 
Bg3 22.Kg1 Bxf4 23.Nxf4 Ng3 24.Nxd5 Nxf1 25.Rxf1 Rae8 26.Rf4 Qd1+ 27.Kf2 
Qc2+ 28.Kg1 Qd1+ 29.Kf2 f5 30.Rh4 f4 31.Rxf4 Rxf4+ 32.Nxf4 Qc2+ 33.Qe2 Qc1
34.Qc4+ Kh7 35.Qf7 Qxb2+ 36.Kg1 Qb5 37.c4 Qg5 38.Qxe8 Qxf4 39.Qh5+ Kg8 40.
Qe8+ Kh7 41.Qh5+ Kg8 42.Qe8+ 1/2-1/2